| 000 | 01210nam a2200277 i 4500 | ||
|---|---|---|---|
| 001 | 175608 | ||
| 003 | ES-MaACL | ||
| 005 | 20250811075644.0 | ||
| 007 | t| | ||
| 008 | 101111s1967 sp a |||| | spa d | ||
| 080 | _a75 Bertuchi, Mariano (083.82) | ||
| 245 | 0 | 0 |
_aEscuela de Tetuán _b: homenaje a Bertuchi : [exposición, Sala de Santa Catalina del Ateneo de Madrid, en los meses de diciembre 1967-enero 1968] / _c[texto, Dora Bacaicoa Arnaiz, Carlos Areán]. |
| 260 |
_aMadrid : _bEditora Nacional, _c[1967] |
||
| 300 |
_a[30] p. : _bprincipalmente il. n. ; _c21 cm. |
||
| 490 | 1 |
_aCuadernos de arte. Serie Divulgación ; _v96. _aCiclo de arte hispano-marroquí |
|
| 600 | 1 | 4 |
_aBertuchi, Mariano- _vExposiciones. _928544 |
| 610 | 2 | 7 |
_aAteneo de Madrid- _vExposiciones- _y1960-1969. _91920 |
| 655 | 7 |
_2tgfbne _9193628 _aCatálogos de exposiciones |
|
| 700 | 1 |
_aBacaicoa Arnáiz, Dora. _924431 |
|
| 700 | 1 |
_aAreán, Carlos, _d1921-1996 _922562 |
|
| 710 | 2 |
_aAteneo de Madrid. _bSala de Santa Catalina. _91964 |
|
| 830 | 0 | 0 |
_aCuadernos de arte. _pSerie divulgación. _pCiclo de arte hispano-marroquí _v96. _9223903 |
| 852 |
_aES-MaACL _j2303-F-9 |
||
| 942 | _2udc | ||
| 999 |
_c175608 _d175608 |
||